000 00358nam a2200145Ia 4500
008 090124s9999 xx 000 0 und d
082 _b201757
245 _a तडीपार
250 _a2
260 _bखरात शंकरराव.
_c1965
300 _a152
630 _a तडीपार
730 _a तडीपार
942 _cBOOK
999 _c183338
_d183338